000 00368nam a22001337a 4500
999 _c257
_d257
003 OSt
005 20200812100741.0
008 200812b ||||| |||| 00| 0 eng d
020 _a1970
040 _cCML
245 _aBuddha and Buddhism: Men of wisdom.
_cPercheron, M.
260 _aLondon
_bLongman Publishers Ltd
_c1954
942 _2ddc
_cBK
_h294.3
_mPER